00438nam a2200157Ia 45000010006000000050017000060080041000230410008000640820017000721000032000892450112001212600009002333000022002426500008002646540008002721109220260306161920.0260306t2003||||xx |||||||||||||| ||spa|| aESP a985.007bO44 aOliart, Patricia [ed.]eAUT 0aTerritorio, cultura e historia:bmateriales para la renovación de la enseñanza sobre la soiedad peruana c2003 a348 páginas :c aGEN aCHU